100 Jahre Germania (Record no. 3538)

000 -LEADER
fixed length control field 00324nam a22000977a 4500
008 - FIXED-LENGTH DATA ELEMENTS--GENERAL INFORMATION
fixed length control field 230626b ||||| |||| 00| 0 eng d
100 ## - MAIN ENTRY--AUTHOR'S NAME
Author's Name Jaschke-Lantelme, Michael
245 ## - TITLE STATEMENT
Title 100 Jahre Germania
Remainder of title Briemarkenausgabe des deutschen Kaiserreichs (Michel 53-97)
260 ## - PUBLICATION, DISTRIBUTION, ETC. (IMPRINT)
Place of publication, distribution, etc. Dessau
Name of publisher, distributor, etc. author
Date of publication, distribution, etc. 1999
650 ## - TOPICAL TERM (Tag)
Topical term or geographic name Germany| Germania| Empire
Holdings
Withdrawn status Lost status Source of classification or shelving scheme Damaged status Koha normalized classification for sorting Not for loan Collection code Permanent Location Current Location Shelving location Date acquired Full call number Barcode Date last seen Copy number Price effective from Koha item type Public note
        G6081 C719 J39 Not For Loan Jerry Jensen Collection Northern Philatelic Library Northern Philatelic Library Closed Stacks 06/26/2023 G6081 C719 J39 1006048 06/26/2023 1 06/26/2023 Books must stay in Library

Powered by Koha